| 000 | 00522nam a22001697a 4500 | ||
|---|---|---|---|
| 003 | OSt | ||
| 008 | 260506b |||||||| |||| 00| 0 eng d | ||
| 082 |
_a633.71 _bS48E |
||
| 100 | _aSingh, Subhash Chandra | ||
| 245 | _aEffect of Long term Application of N.P.K Irrigation and Organic Manure on Soil Fertility and Yield and Quality of Chewing Tobacco (Nicotina Tabacum L.) | ||
| 260 |
_aPusa, Samastipur _bRAU _c1981 |
||
| 300 | _a111P. | ||
| 502 |
_bMsc. _d1981 |
||
| 650 | _aAgronomy | ||
| 650 | _aMsc. | ||
| 942 |
_2ddc _cT |
||
| 999 |
_c50470 _d50470 |
||